000 00317nam a22001457a 4500
008 210312b ||||| |||| 00| 0 eng d
020 _a2901932628325
041 _aeng
080 _24th
_a510
082 _a510
100 _a36
101 _aMAT
245 _aIntroductory Algebra
_cWright, D. F
942 _2udc
_cBK
999 _c56594
_d56594